Die teuersten Fußballtransfers - Geboren 1993 - Statistiken

Allgemein
  • Dieses Quiz wurde 28 mal gespielt
  • Das Durchschnittsergebnis liegt bei 9 aus 10
Antwortstatistiken
Ablöse (M €) Saison Nationalität Abgebender Verein Aufnehmender Verein Spieler % Korrekt
95,00 2023-2024 England Tottenham Bayern München Harry Kane
100%
105,00 2016-2017 Frankreich Juventus Turin Manchester United Paul Pogba
96%
113,00 2021-2022 Belgien Inter Mailand FC Chelsea Romelu Lukaku
96%
84,70 2017-2018 Belgien FC Everton Manchester United Romelu Lukaku
96%
74,00 2019-2020 Belgien Manchester United Inter Mailand Romelu Lukaku
96%
87,00 2019-2020 England Leicester City Manchester United Harry Maguire
92%
50,00 2020-2021 Ghana Atlético Madrid FC Arsenal Thomas Partey
76%
46,00 2023-2024 Brasilien FC Liverpool Al-Ittihad Fabinho
72%
59,00 2018-2019 Brasilien Shakhtar D. Manchester United Fred
64%
50,00 2020-2021 Argentinien Inter Mailand Paris SG Mauro Icardi
64%
Keine übereinstimmenden Quizze gefunden
Verteilung der Resultate
Anzahl Personen mit jedem Resultat
Perzentil nach korrekt beantworteten Fragen
Ihre Resultats-Entwicklung
Sie haben dieses Quiz noch nicht gespielt